Human factors : the journal of the Human Factors Society.
| Corporate Authors: | , , |
|---|---|
| Format: | Journal |
| Language: | English |
| Published: |
New York, N.Y. :
Pergamon Press,
1958-
Baltimore, Md. : Johns Hopkins Press. Baltimore, Md. : Johns Hopkins University Press. Santa Monica, Calif. : Human Factors Society. |
| Subjects: | |
| Online Availability: |
|
MARC
| Tag | First Indicator | Second Indicator | Subfields |
|---|---|---|---|
| LEADER | 00000cas a2200000 a 4500 | ||
| 001 | in00000063223 | ||
| 005 | 20151008051724.0 | ||
| 008 | 750513c19589999caubr p 0 a0eng | ||
| 010 | |a 59000837 | ||
| 016 | 7 | |a 0374660 |2 DNLM | |
| 016 | 7 | |a H22120000 |2 DNLM | |
| 019 | |a 1586398 |a 39959854 |a 255546667 | ||
| 022 | 0 | |a 0018-7208 |l 0018-7208 |2 1 | |
| 029 | 1 | |a NLM |b 0374660 | |
| 029 | 1 | |a NLGGC |b 842879579 | |
| 029 | 1 | |a NZ1 |b 3755318 | |
| 029 | 1 | |a NZ1 |b 9726086 | |
| 029 | 1 | |a AU@ |b 000002984320 | |
| 029 | 1 | |a AU@ |b 000025069422 | |
| 030 | |a HUFAA6 | ||
| 035 | |a (OCoLC)ocm01329271 | ||
| 035 | |a (OCoLC)01329271 | ||
| 035 | |9 AAG9622AM | ||
| 035 | |a (OCoLC)1329271 |z (OCoLC)1586398 |z (OCoLC)39959854 |z (OCoLC)255546667 | ||
| 040 | |a DLC |c DRB |d NSD |d HUL |d IUL |d DLC |d RCS |d AIP |d OCL |d AIP |d NSD |d AIP |d NSD |d DLC |d NSD |d DLC |d NST |d EBZ |d NST |d NSD |d SLU |d MXC |d DLC |d NLM |d OCLCQ |d DLC |d ORZ |d NLGGC |d LVB |d CDS |d GUA |d MYG |d BOS |d CUS |d OCLCQ |d UtOrBLW | ||
| 042 | |a nsdp |a pcc | ||
| 049 | |a TXAM | ||
| 050 | 0 | 0 | |a T58.A2 |b H8 |
| 060 | 0 | 0 | |a W1 |b HU447 |
| 082 | 0 | 4 | |a 658.01 |
| 210 | 0 | |a Hum. factors | |
| 222 | 0 | |a Human factors | |
| 245 | 0 | 0 | |a Human factors : |b the journal of the Human Factors Society. |
| 264 | 1 | |3 1958-<>: |a New York, N.Y. : |b Pergamon Press, |c 1958- | |
| 264 | 1 | |3 1965-1972: |a Baltimore, Md. : |b Johns Hopkins Press. | |
| 264 | 1 | |3 1972-1978: |a Baltimore, Md. : |b Johns Hopkins University Press. | |
| 264 | 1 | |3 1979- |a Santa Monica, Calif. : |b Human Factors Society. | |
| 300 | |a volumes : |b illustrations ; |c 25 cm. | ||
| 310 | |a Bimonthly, |b 2007- | ||
| 321 | |a Quarterly, |b 1958-1961 | ||
| 321 | |a Bimonthly, |b 1962-1991 | ||
| 321 | |a Quarterly, |b 1992-2006 | ||
| 336 | |a text |b txt |2 rdacontent | ||
| 337 | |a unmediated |b n |2 rdamedia | ||
| 338 | |a volume |b nc |2 rdacarrier | ||
| 362 | 1 | |a Began with issue for Sept. 1958. | |
| 500 | |a Description based on: Volume 3, number 1 (Mar. 1961); title from cover. | ||
| 500 | |a Latest issue consulted: Volume 49, number 2 (Apr. 2007). | ||
| 550 | |a Issue for Sept. 1958 published by the society under its earlier name: Human Factors Society of America; for Mar. 1993-<June 1998> under its later name: Human Factors and Ergonomics Society. | ||
| 555 | |a Vols. 1 (1958)-10 (1968). 1 v.; Vols. 1 (1958)-22 (1980). 1 v.; Vols. 1-(1958)-27 (1985). 1 v. | ||
| 650 | 0 | |a Human engineering |v Periodicals. | |
| 650 | 2 | |a Human Engineering |v Periodicals. | |
| 650 | 1 | 7 | |a Ergonomie. |2 gtt |
| 650 | 6 | |a Ergonomie |v Périodiques. | |
| 710 | 2 | |a Human Factors Society. | |
| 710 | 2 | |a Human Factors Society of America. | |
| 710 | 2 | |a Human Factors and Ergonomics Society. | |
| 776 | 0 | 8 | |i Microfilm version: |t Human factors |x 0018-7208 |w (DLC) 2005238214 |w (OCoLC)6611956 |
| 776 | 0 | 8 | |i Online version: |t Human factors (Online) |x 1547-8181 |w (DLC) 2003202594 |w (OCoLC)53866566 |
| 850 | |a DLC |a MiD |a NN |a NjR | ||
| 891 | 2 | 0 | |9 853 |8 1 |a v. |b no. |u 4 |v r |i (year) |j (season) |w q |x 21 |
| 891 | 4 | 1 | |9 863 |8 1.1 |a <44> |b <2> |i <2002> |j <22> |
| 891 | 2 | 0 | |9 853 |8 2 |a v. |b no. |u 4 |v r |i (year) |j (month) |w q |x 03 |
| 891 | 4 | 1 | |9 863 |8 2.1 |a <47> |b <1> |i <2005> |j <03> |
| 891 | 2 | 0 | |9 853 |8 3 |a v. |b no. |u 4 |v r |i (year) |j (season) |w q |x 21 |
| 891 | 4 | 1 | |9 863 |8 3.1 |a 48 |b 1 |i 2006 |j 21 |
| 891 | 2 | 0 | |9 853 |8 4 |a v. |b no. |u 6 |v r |i (year) |j (month) |w b |x 02 |
| 891 | 4 | 1 | |9 863 |8 4.1 |a 49 |b 1 |i 2007 |j 02 |
| 949 | |a updated |b h |c 2010/3/9 |e spoltoratski |f 10:12:01 am | ||
| 994 | |a C0 |b TXA | ||
| 999 | |a MARS | ||
| 999 | f | f | |s 5b242ba7-e802-3380-a0e6-41fb48507286 |i ec533464-350b-3438-ae32-673f0b712dc5 |t 0 |
| 952 | f | f | |a Texas A&M University |b College Station |c Sterling C. Evans Library |d Evans: Library Stacks |e T58.A2 H8 |h Library of Congress classification |i unmediated -- volume |k v.21:no.4-6 |l 1979 |m A14813817007 |p serial |s Evans stk |t 0 |
| 952 | f | f | |a Texas A&M University |b College Station |c Sterling C. Evans Library |d Evans: Library Stacks |e T58.A2 H8 |h Library of Congress classification |i unmediated -- volume |k v.18:no.4-6 |l 1976 |m A14813045553 |p serial |s Evans stk |t 0 |
| 952 | f | f | |a Texas A&M University |b College Station |c Sterling C. Evans Library |d Evans: Library Stacks |e T58.A2 H8 |h Library of Congress classification |i unmediated -- volume |k v.46:no.3-4 |l 2004:Fall-Winter |m A14833719326 |p serial |s Evans stk |t 0 |
| 952 | f | f | |a Texas A&M University |b College Station |c Sterling C. Evans Library |d Evans: Library Stacks |e T58.A2 H8 |h Library of Congress classification |i unmediated -- volume |k v.51:no.4-5 |l 2009:Aug.-Oct. |m A14839097667 |p serial |s Evans stk |t 0 |
| 952 | f | f | |a Texas A&M University |b College Station |c Sterling C. Evans Library |d Evans: Library Stacks |e T58.A2 H8 |h Library of Congress classification |i unmediated -- volume |k v.4:no.3 |l 1962:June |m A14828187556 |p serial |s Evans stk |t 0 |
| 952 | f | f | |a Texas A&M University |b College Station |c Sterling C. Evans Library |d Evans: Library Stacks |e T58.A2 H8 |h Library of Congress classification |i unmediated -- volume |k v.4:no.1 |l 1962:Feb. |m A14828187598 |p serial |s Evans stk |t 0 |
| 952 | f | f | |a Texas A&M University |b College Station |c Sterling C. Evans Library |d Evans: Library Stacks |e T58.A2 H8 |h Library of Congress classification |i unmediated -- volume |k v.5:no.6 |l 1963:Dec. |m A14828196759 |p serial |s Evans stk |t 0 |
| 952 | f | f | |a Texas A&M University |b College Station |c Sterling C. Evans Library |d Evans: Library Stacks |e T58.A2 H8 |h Library of Congress classification |i unmediated -- volume |k v.6:no.4-5 |l 1964:Aug.-Oct. |m A14828196872 |p serial |s Evans stk |t 0 |
| 952 | f | f | |a Texas A&M University |b College Station |c Sterling C. Evans Library |d Evans: Library Stacks |e T58.A2 H8 |h Library of Congress classification |i unmediated -- volume |k v.27 |l 1985 |m A14811216417 |p serial |s Evans stk |t 0 |
| 952 | f | f | |a Texas A&M University |b College Station |c Sterling C. Evans Library |d Evans: Library Stacks |e T58.A2 H8 |h Library of Congress classification |i unmediated -- volume |k v.49:no.3-4 |l 2007:June-Winter |m A14836459836 |p serial |s Evans stk |t 0 |
| 952 | f | f | |a Texas A&M University |b College Station |c Sterling C. Evans Library |d Evans: Library Stacks |e T58.A2 H8 |h Library of Congress classification |i unmediated -- volume |k v.32 |l 1990 |m A14814665916 |p serial |s Evans stk |t 0 |
| 952 | f | f | |a Texas A&M University |b College Station |c Sterling C. Evans Library |d Evans: Library Stacks |e T58.A2 H8 |h Library of Congress classification |i unmediated -- volume |k v.3:no.3-4 |l 1961:Sept.-Dec. |m A14828187637 |p serial |s Evans stk |t 0 |
| 952 | f | f | |a Texas A&M University |b College Station |c Sterling C. Evans Library |d Evans: Library Stacks |e T58.A2 H8 |h Library of Congress classification |i unmediated -- volume |k v.24 |l 1982 |m A14813895712 |p serial |s Evans stk |t 0 |
| 952 | f | f | |a Texas A&M University |b College Station |c Sterling C. Evans Library |d Evans: Library Stacks |e T58.A2 H8 |h Library of Congress classification |i unmediated -- volume |k v.50:no.1-2 |l 2008:Feb.-Apr. |m A14834745809 |p serial |s Evans stk |t 0 |
| 952 | f | f | |a Texas A&M University |b College Station |c Sterling C. Evans Library |d Evans: Library Stacks |e T58.A2 H8 |h Library of Congress classification |i unmediated -- volume |k v.42 |l 2000 |m A14829305262 |p serial |s Evans stk |t 0 |
| 952 | f | f | |a Texas A&M University |b College Station |c Sterling C. Evans Library |d Evans: Library Stacks |e T58.A2 H8 |h Library of Congress classification |i unmediated -- volume |k v.6:no.1-2 |l 1964:Jan.-Apr. |m A14828196911 |p serial |s Evans stk |t 0 |
| 952 | f | f | |a Texas A&M University |b College Station |c Sterling C. Evans Library |d Evans: Library Stacks |e T58.A2 H8 |h Library of Congress classification |i unmediated -- volume |k v.48:no.1-2 |l 2006:Spring-Summer |m A14835107428 |p serial |s Evans stk |t 0 |
| 952 | f | f | |a Texas A&M University |b College Station |c Sterling C. Evans Library |d Evans: Library Stacks |e T58.A2 H8 |h Library of Congress classification |i unmediated -- volume |k v.7:no.4 |l 1965:Aug. |m A14828196953 |p serial |s Evans stk |t 0 |
| 952 | f | f | |a Texas A&M University |b College Station |c Sterling C. Evans Library |d Evans: Library Stacks |e T58.A2 H8 |h Library of Congress classification |i unmediated -- volume |k v.16:no.1-3 |l 1974 |m A14816031977 |p serial |s Evans stk |t 0 |
| 952 | f | f | |a Texas A&M University |b College Station |c Sterling C. Evans Library |d Evans: Library Stacks |e T58.A2 H8 |h Library of Congress classification |i unmediated -- volume |k v.20:no.1-3 |l 1978 |m A14813859041 |p serial |s Evans stk |t 0 |
| 952 | f | f | |a Texas A&M University |b College Station |c Sterling C. Evans Library |d Evans: Library Stacks |e T58.A2 H8 |h Library of Congress classification |i unmediated -- volume |k v.22:no.4-6 |l 1980 |m A14812221928 |p serial |s Evans stk |t 0 |
| 952 | f | f | |a Texas A&M University |b College Station |c Sterling C. Evans Library |d Evans: Library Stacks |e T58.A2 H8 |h Library of Congress classification |i unmediated -- volume |k v.49:no.5-6 |l 2007:Oct.-Dec. |m A14836421142 |p serial |s Evans stk |t 0 |
| 952 | f | f | |a Texas A&M University |b College Station |c Sterling C. Evans Library |d Evans: Library Stacks |e T58.A2 H8 |h Library of Congress classification |i unmediated -- volume |k v.13:no.1-3 |l 1971 |m A14812174406 |p serial |s Evans stk |t 0 |
| 952 | f | f | |a Texas A&M University |b College Station |c Sterling C. Evans Library |d Evans: Library Stacks |e T58.A2 H8 |h Library of Congress classification |i unmediated -- volume |k v.36 |l 1994 |m A14819577980 |p serial |s Evans stk |t 0 |
| 952 | f | f | |a Texas A&M University |b College Station |c Sterling C. Evans Library |d Evans: Library Stacks |e T58.A2 H8 |h Library of Congress classification |i unmediated -- volume |k v.43 |l 2001 |m A14829305301 |p serial |s Evans stk |t 0 |
| 952 | f | f | |a Texas A&M University |b College Station |c Sterling C. Evans Library |d Evans: Library Stacks |e T58.A2 H8 |h Library of Congress classification |i unmediated -- volume |k v.8 |l 1966 |m A14819977295 |p serial |s Evans stk |t 0 |
| 952 | f | f | |a Texas A&M University |b College Station |c Sterling C. Evans Library |d Evans: Library Stacks |e T58.A2 H8 |h Library of Congress classification |i unmediated -- volume |k v.1/27:Index |l 1958/1985 |m A14826809021 |p serial |s Evans stk |t 0 |
| 952 | f | f | |a Texas A&M University |b College Station |c Sterling C. Evans Library |d Evans: Library Stacks |e T58.A2 H8 |h Library of Congress classification |i unmediated -- volume |k v.6:no.6 |l 1964:Dec. |m A14852432971 |p serial |s Evans stk |t 0 |
| 952 | f | f | |a Texas A&M University |b College Station |c Sterling C. Evans Library |d Evans: Library Stacks |e T58.A2 H8 |h Library of Congress classification |i unmediated -- volume |k v.12:no.1 |l 1970:Feb. |m A14831111580 |p serial |s Evans stk |t 0 |
| 952 | f | f | |a Texas A&M University |b College Station |c Sterling C. Evans Library |d Evans: Library Stacks |e T58.A2 H8 |h Library of Congress classification |i unmediated -- volume |k v.18:no.1-3 |l 1976 |m A14812174309 |p serial |s Evans stk |t 0 |
| 952 | f | f | |a Texas A&M University |b College Station |c Sterling C. Evans Library |d Evans: Library Stacks |e T58.A2 H8 |h Library of Congress classification |i unmediated -- volume |k v.41 |l 1999 |m A14827337077 |p serial |s Evans stk |t 0 |
| 952 | f | f | |a Texas A&M University |b College Station |c Sterling C. Evans Library |d Evans: Library Stacks |e T58.A2 H8 |h Library of Congress classification |i unmediated -- volume |k v.23:no.6 |l 1981:Dec. |m A14831111352 |p serial |s Evans stk |t 0 |
| 952 | f | f | |a Texas A&M University |b College Station |c Sterling C. Evans Library |d Evans: Library Stacks |e T58.A2 H8 |h Library of Congress classification |i unmediated -- volume |k v.39 |l 1997 |m A14823506242 |p serial |s Evans stk |t 0 |
| 952 | f | f | |a Texas A&M University |b College Station |c Sterling C. Evans Library |d Evans: Library Stacks |e T58.A2 H8 |h Library of Congress classification |i unmediated -- volume |k v.44 |l 2002 |m A14831794231 |p serial |s Evans stk |t 0 |
| 952 | f | f | |a Texas A&M University |b College Station |c Sterling C. Evans Library |d Evans: Library Stacks |e T58.A2 H8 |h Library of Congress classification |i unmediated -- volume |k v.19:no.4-6 |l 1977 |m A14816947966 |p serial |s Evans stk |t 0 |
| 952 | f | f | |a Texas A&M University |b College Station |c Sterling C. Evans Library |d Evans: Library Stacks |e T58.A2 H8 |h Library of Congress classification |i unmediated -- volume |k v.28 |l 1986 |m A14811339362 |p serial |s Evans stk |t 0 |
| 952 | f | f | |a Texas A&M University |b College Station |c Sterling C. Evans Library |d Evans: Library Stacks |e T58.A2 H8 |h Library of Congress classification |i unmediated -- volume |k v.11 |l 1969 |m A14812222178 |p serial |s Evans stk |t 0 |
| 952 | f | f | |a Texas A&M University |b College Station |c Sterling C. Evans Library |d Evans: Library Stacks |e T58.A2 H8 |h Library of Congress classification |i unmediated -- volume |k v.40 |l 1998 |m A14824948934 |p serial |s Evans stk |t 0 |
| 952 | f | f | |a Texas A&M University |b College Station |c Sterling C. Evans Library |d Evans: Library Stacks |e T58.A2 H8 |h Library of Congress classification |i unmediated -- volume |k v.26 |l 1984 |m A14813018019 |p serial |s Evans stk |t 0 |
| 952 | f | f | |a Texas A&M University |b College Station |c Sterling C. Evans Library |d Evans: Library Stacks |e T58.A2 H8 |h Library of Congress classification |i unmediated -- volume |k v.22:no.1-3 |l 1980 |m A14812221978 |p serial |s Evans stk |t 0 |
| 952 | f | f | |a Texas A&M University |b College Station |c Sterling C. Evans Library |d Evans: Library Stacks |e T58.A2 H8 |h Library of Congress classification |i unmediated -- volume |k v.1/10:index |l 1958/1968 |m A14852432443 |p serial |s Evans stk |t 0 |
| 952 | f | f | |a Texas A&M University |b College Station |c Sterling C. Evans Library |d Evans: Library Stacks |e T58.A2 H8 |h Library of Congress classification |i unmediated -- volume |k v.34 |l 1992 |m A14829924896 |p serial |s Evans stk |t 0 |
| 952 | f | f | |a Texas A&M University |b College Station |c Sterling C. Evans Library |d Evans: Library Stacks |e T58.A2 H8 |h Library of Congress classification |i unmediated -- volume |k v.12 |l 1970 |m A14812179359 |p serial |s Evans stk |t 0 |
| 952 | f | f | |a Texas A&M University |b College Station |c Sterling C. Evans Library |d Evans: Library Stacks |e T58.A2 H8 |h Library of Congress classification |i unmediated -- volume |k v.5:no.1 |l 1963:Feb . |m A14826808758 |p serial |s Evans stk |t 0 |
| 952 | f | f | |a Texas A&M University |b College Station |c Sterling C. Evans Library |d Evans: Library Stacks |e T58.A2 H8 |h Library of Congress classification |i unmediated -- volume |k v.49:no.1-2 |l 2007:Feb.-Apr. |m A14836459878 |p serial |s Evans stk |t 0 |
| 952 | f | f | |a Texas A&M University |b College Station |c Sterling C. Evans Library |d Evans: Library Stacks |e T58.A2 H8 |h Library of Congress classification |i unmediated -- volume |k v.50:no.5-6 |l 2008:Oct.-Dec. |m A14838472432 |p serial |s Evans stk |t 0 |
| 952 | f | f | |a Texas A&M University |b College Station |c Sterling C. Evans Library |d Evans: Library Stacks |e T58.A2 H8 |h Library of Congress classification |i unmediated -- volume |k v.7:no.1-3 |l 1995:Feb.-June |m A14826808596 |p serial |s Evans stk |t 0 |
| 952 | f | f | |a Texas A&M University |b College Station |c Sterling C. Evans Library |d Evans: Library Stacks |e T58.A2 H8 |h Library of Congress classification |i unmediated -- volume |k v.19:no.1-3 |l 1977 |m A14812174359 |p serial |s Evans stk |t 0 |
| 952 | f | f | |a Texas A&M University |b College Station |c Sterling C. Evans Library |d Evans: Library Stacks |e T58.A2 H8 |h Library of Congress classification |i unmediated -- volume |k v.16:no.5 |l 1974:Oct. |m A14831111425 |p serial |s Evans stk |t 0 |
| 952 | f | f | |a Texas A&M University |b College Station |c Sterling C. Evans Library |d Evans: Library Stacks |e T58.A2 H8 |h Library of Congress classification |i unmediated -- volume |k v.3:no.2 |l 1961:July |m A14826808677 |p serial |s Evans stk |t 0 |
| 952 | f | f | |a Texas A&M University |b College Station |c Sterling C. Evans Library |d Evans: Library Stacks |e T58.A2 H8 |h Library of Congress classification |i unmediated -- volume |k v.47:no.3-4 |l 2005:Fall-Winter |m A14833469638 |p serial |s Evans stk |t 0 |
| 952 | f | f | |a Texas A&M University |b College Station |c Sterling C. Evans Library |d Evans: Library Stacks |e T58.A2 H8 |h Library of Congress classification |i unmediated -- volume |k v.23 |l 1981 |m A14812222071 |p serial |s Evans stk |t 0 |
| 952 | f | f | |a Texas A&M University |b College Station |c Sterling C. Evans Library |d Evans: Library Stacks |e T58.A2 H8 |h Library of Congress classification |i unmediated -- volume |k v.37 |l 1995 |m A14820280805 |p serial |s Evans stk |t 0 |
| 952 | f | f | |a Texas A&M University |b College Station |c Sterling C. Evans Library |d Evans: Library Stacks |e T58.A2 H8 |h Library of Congress classification |i unmediated -- volume |k v.14:no.1-3 |l 1972 |m A14829425884 |p serial |s Evans stk |t 0 |
| 952 | f | f | |a Texas A&M University |b College Station |c Sterling C. Evans Library |d Evans: Library Stacks |e T58.A2 H8 |h Library of Congress classification |i unmediated -- volume |k v.2:no.4 |l 1961:Jan. |m A14828187679 |p serial |s Evans stk |t 0 |
| 952 | f | f | |a Texas A&M University |b College Station |c Sterling C. Evans Library |d Evans: Library Stacks |e T58.A2 H8 |h Library of Congress classification |i unmediated -- volume |k v.5:no.2-4 |l 1963:Apr.-Aug. |m A14828196791 |p serial |s Evans stk |t 0 |
| 952 | f | f | |a Texas A&M University |b College Station |c Sterling C. Evans Library |d Evans: Library Stacks |e T58.A2 H8 |h Library of Congress classification |i unmediated -- volume |k v.50:no.3-4 |l 2008:June-Aug. |m A14834778014 |p serial |s Evans stk |t 0 |
| 952 | f | f | |a Texas A&M University |b College Station |c Sterling C. Evans Library |d Evans: Library Stacks |e T58.A2 H8 |h Library of Congress classification |i unmediated -- volume |k v.10 |l 1968 |m A14811216467 |p serial |s Evans stk |t 0 |
| 952 | f | f | |a Texas A&M University |b College Station |c Sterling C. Evans Library |d Evans: Library Stacks |e T58.A2 H8 |h Library of Congress classification |i unmediated -- volume |k v.46:no.1-2 |l 2004:Spring-Summer |m A14833683305 |p serial |s Evans stk |t 0 |
| 952 | f | f | |a Texas A&M University |b College Station |c Sterling C. Evans Library |d Evans: Library Stacks |e T58.A2 H8 |h Library of Congress classification |i unmediated -- volume |k v.30 |l 1988 |m A14811791564 |p serial |s Evans stk |t 0 |
| 952 | f | f | |a Texas A&M University |b College Station |c Sterling C. Evans Library |d Evans: Library Stacks |e T58.A2 H8 |h Library of Congress classification |i unmediated -- volume |k v.7:no.5-6 |l 1995:Sept.-Dec. |m A14826808635 |p serial |s Evans stk |t 0 |
| 952 | f | f | |a Texas A&M University |b College Station |c Sterling C. Evans Library |d Evans: Library Stacks |e T58.A2 H8 |h Library of Congress classification |i unmediated -- volume |k v.45 |l 2003 |m A14831472724 |p serial |s Evans stk |t 0 |
| 952 | f | f | |a Texas A&M University |b College Station |c Sterling C. Evans Library |d Evans: Library Stacks |e T58.A2 H8 |h Library of Congress classification |i unmediated -- volume |k v.48:no.3-4 |l 2006:Fall-Winter |m A14835107711 |p serial |s Evans stk |t 0 |
| 952 | f | f | |a Texas A&M University |b College Station |c Sterling C. Evans Library |d Evans: Library Stacks |e T58.A2 H8 |h Library of Congress classification |i unmediated -- volume |k v.51:no.1-3 |l 2009:Feb.-June |m A14839097829 |p serial |s Evans stk |t 0 |
| 952 | f | f | |a Texas A&M University |b College Station |c Sterling C. Evans Library |d Evans: Library Stacks |e T58.A2 H8 |h Library of Congress classification |i unmediated -- volume |k v.47:no.1-2 |l 2005:Spring-Summer |m A14833469599 |p serial |s Evans stk |t 0 |
| 952 | f | f | |a Texas A&M University |b College Station |c Sterling C. Evans Library |d Evans: Library Stacks |e T58.A2 H8 |h Library of Congress classification |i unmediated -- volume |k v.4:no.5-6 |l 1962:Oct.-Dec. |m A14828196830 |p serial |s Evans stk |t 0 |
| 952 | f | f | |a Texas A&M University |b College Station |c Sterling C. Evans Library |d Evans: Library Stacks |e T58.A2 H8 |h Library of Congress classification |i unmediated -- volume |k v.38 |l 1996 |m A14821231100 |p serial |s Evans stk |t 0 |
| 952 | f | f | |a Texas A&M University |b College Station |c Sterling C. Evans Library |d Evans: Library Stacks |e T58.A2 H8 |h Library of Congress classification |i unmediated -- volume |k v.4:no.2 |l 1962:Apr. |m A14826808716 |p serial |s Evans stk |t 0 |
| 952 | f | f | |a Texas A&M University |b College Station |c Sterling C. Evans Library |d Evans: Library Stacks |e T58.A2 H8 |h Library of Congress classification |i unmediated -- volume |k v.17:no.4-6 |l 1975:Aug.-Dec. |m A14832377252 |p serial |s Evans stk |t 0 |
| 952 | f | f | |a Texas A&M University |b College Station |c Sterling C. Evans Library |d Evans: Library Stacks |e T58.A2 H8 |h Library of Congress classification |i unmediated -- volume |k v.35 |l 1993 |m A14819347806 |p serial |s Evans stk |t 0 |
| 952 | f | f | |a Texas A&M University |b College Station |c Sterling C. Evans Library |d Evans: Library Stacks |e T58.A2 H8 |h Library of Congress classification |i unmediated -- volume |k v.15:no.1-3 |l 1973 |m A14812222128 |p serial |s Evans stk |t 0 |
| 952 | f | f | |a Texas A&M University |b College Station |c Sterling C. Evans Library |d Evans: Library Stacks |e T58.A2 H8 |h Library of Congress classification |i unmediated -- volume |k v.25 |l 1983 |m A14811216514 |p serial |s Evans stk |t 0 |
| 952 | f | f | |a Texas A&M University |b College Station |c Sterling C. Evans Library |d Evans: Library Stacks |e T58.A2 H8 |h Library of Congress classification |i unmediated -- volume |k v.17:no.1-3 |l 1975 |m A14812179309 |p serial |s Evans stk |t 0 |
| 952 | f | f | |a Texas A&M University |b College Station |c Sterling C. Evans Library |d Evans: Library Stacks |e T58.A2 H8 |h Library of Congress classification |i unmediated -- volume |k v.21:no.1-3 |l 1979 |m A14813068894 |p serial |s Evans stk |t 0 |
| 952 | f | f | |a Texas A&M University |b College Station |c Sterling C. Evans Library |d Evans: Library Stacks |e T58.A2 H8 |h Library of Congress classification |i unmediated -- volume |k v.20:no.4-6 |l 1978 |m A14812222021 |p serial |s Evans stk |t 0 |
| 952 | f | f | |a Texas A&M University |b College Station |c Sterling C. Evans Library |d Evans: Library Stacks |e T58.A2 H8 |h Library of Congress classification |i unmediated -- volume |k v.29 |l 1987 |m A14811423917 |p serial |s Evans stk |t 0 |
| 952 | f | f | |a Texas A&M University |b College Station |c Sterling C. Evans Library |d Evans: Library Stacks |e T58.A2 H8 |h Library of Congress classification |i unmediated -- volume |k v.31 |l 1989 |m A14812887156 |p serial |s Evans stk |t 0 |
| 998 | f | f | |a T58.A2 H8 |s v.51:no.1-5 (2009:Feb.-Oct.) |t 0 |l Evans: Library Stacks |